Which Layer of the Earth? - Statistics

General Stats
  • This quiz has been taken 10 times
  • The average score is 10 of 15
Answer Stats
Question Answer % Correct
Supports life Crust
100%
Is the thinnest Crust
100%
Is as hot as the surface of the sun Inner Core
89%
Is the thickest Mantle
89%
Contains a sublayer called the Asthenosphere Mantle
78%
Is entirely made of liquid material Outer Core
78%
Is the deepest layer that humans have drilled into Crust
67%
Is primarily made of granite and basalt Crust
67%
Is believed to be rotating backwards, or in reverse Inner Core
67%
"Flows" due to convection currents Mantle
67%
Forms diamonds Mantle
44%
Is roughly the same size as Mars Outer Core
44%
Mainly consists of Magnesium rich substances Mantle
33%
Is slowly increasing in size (about 1 mm per year) Inner Core
22%
Generates earth's magnetic field Outer Core
11%
No matching quizzes found
Score Distribution
Percent of People with Each Score
Percentile by Number Answered
Your Score History
You have not taken this quiz